Case of escherichia coli antimicrobial resistance on piglets in trapeang phlang commune , chhouk district, kampot province, ករណី Escherichia Coli ស៊ាំនឹងឳសថអង់ទីប៊ីយ៉ូទិកលើកូនជ្រូក នៅឃុំត្រពាំងភ្លាំង ស្រុកឈូក ខេត្តកំពត (Record no. 25807)

000 -LEADER
fixed length control field 00657nam a22001217a 4500
040 ## - CATALOGING SOURCE
Transcribing agency RUA
082 ## - DEWEY DECIMAL CLASSIFICATION NUMBER
Classification number AVM SAN 2025 B705 Or.1
100 ## - MAIN ENTRY--AUTHOR NAME
Personal name SAN PASSEMA, ​សាន ប៉ះសីម៉ា
245 ## - TITLE STATEMENT
Title Case of escherichia coli antimicrobial resistance on piglets in trapeang phlang commune , chhouk district, kampot province, ករណី Escherichia Coli ស៊ាំនឹងឳសថអង់ទីប៊ីយ៉ូទិកលើកូនជ្រូក នៅឃុំត្រពាំងភ្លាំង ស្រុកឈូក ខេត្តកំពត
260 ## - PUBLICATION, DISTRIBUTION, ETC. (IMPRINT)
Place of publication PHNOM PENH
Name of publisher RUA
Year of publication 2025
300 ## - PHYSICAL DESCRIPTION
Number of Pages ix,36p.
Other physical details ill.
Dimensions 29cm.
942 ## - ADDED ENTRY ELEMENTS (KOHA)
Koha item type AVM
952 ## - LOCATION AND ITEM INFORMATION (KOHA)
Withdrawn status [LOCAL, KOHA] 0
952 ## - LOCATION AND ITEM INFORMATION (KOHA)
Withdrawn status [LOCAL, KOHA] 0
Holdings
Permanent Location Date acquired Koha item type Lost status Shelving location Barcode Current Location Full call number
Library Block B2026-05-23AVM B705B712335Library Block BAVM SAN 2025 B705 Or.1
Library Block B2026-05-23AVM B705B712342Library Block BAVM SAN 2025 B705 Or.2
មជ្ឈមណ្ឌលឯការនៃសាកលវិទ្យាល័យភូមិន្ទកសិកម្មចំការដូង

Powered by Koha